Historic english churches (Record no. 112506)

MARC details
000 -LEADER
fixed length control field 00802cam a22002055a 4500
001 - CONTROL NUMBER
control field L153416
008 - FIXED-LENGTH DATA ELEMENTS--GENERAL INFORMATION
fixed length control field 110722s2011 xxk f 000 0 eng d
020 ## - INTERNATIONAL STANDARD BOOK NUMBER
International Standard Book Number 9781848851894
035 ## - SYSTEM CONTROL NUMBER
System control number (Sirsi) u153416
041 0# - LANGUAGE CODE
Language code of text/sound track or separate title eng
050 04 - LIBRARY OF CONGRESS CALL NUMBER
Classification number 690.241 $2 18
100 1# - MAIN ENTRY--PERSONAL NAME
Personal name Sharpe, Geoffrey R.
245 00 - TITLE STATEMENT
Title Historic english churches
Remainder of title a guide to their construction, design and features
260 ## - PUBLICATION, DISTRIBUTION, ETC.
Place of publication, distribution, etc. London
Name of publisher, distributor, etc. Tauris & Co Ltd
Date of publication, distribution, etc. 2011
520 ## - SUMMARY, ETC.
Summary, etc. This publication deals with the historic construction of churches, including materials, skills and people involved. Included is a guide to assessing the development of a church using its architectural clues.
590 ## - LOCAL NOTE (RLIN)
Local note KA
651 #4 - SUBJECT ADDED ENTRY--GEOGRAPHIC NAME
Geographic name United Kingdom
Chronological subdivision
690 ## - LOCAL SUBJECT ADDED ENTRY--TOPICAL TERM (OCLC, RLIN)
Topical term or geographic name as entry element BUILT ENVIRONMENT-BUILDING TYPES-ANCIENT MONUMENTS AND HISTORIC BUILDINGS
942 ## - ADDED ENTRY ELEMENTS (KOHA)
Suppress in OPAC 0
Holdings
Withdrawn status Lost status Source of classification or shelving scheme Damaged status Not for loan Home library Current library Shelving location Date acquired Total Checkouts Full call number Barcode Date last seen Copy number Price effective from Koha item type
    Dewey Decimal Classification     London London Books 22/07/2011   690.241 SHA 30075779 06/08/2019 1 06/08/2019 Book